北陸本線(2015年3月13日(修正)) - Statistics

General Stats
  • This quiz has been taken 50 times
  • The average score is 64 of 80
Answer Stats
ヒント
(当時の接続路線)
Answer % Correct
JR東海:東海道新幹線JR西日本・東海:東海道本線 近江鉄道:本線 米原
100%
長浜
100%
JR西日本:湖西線 近江塩津
97%
南今庄
97%
今庄
97%
JR西日本:越美北線 越前花堂
97%
福井
97%
新疋田
93%
JR西日本:小浜線 敦賀
93%
武生
93%
鯖江
93%
加賀温泉
93%
北陸鉄道:石川線 西金沢
93%
北陸鉄道:浅野川線 金沢
93%
JR西日本:城端線JR西日本:氷見線 高岡
93%
JR西日本:高山本線富山地方鉄道:本線/立山線/不二越・上滝線 富山地方鉄道:富山軌道線本線/支線 富山ライトレール:富山港線 富山
93%
JR東日本:信越本線 直江津
93%
田村
90%
虎姫
90%
高月
90%
木ノ本
90%
芦原温泉
90%
小松
90%
JR西日本:七尾線 津幡
90%
黒部
90%
余呉
87%
大聖寺
87%
松任
87%
野々市
87%
東金沢
87%
滑川
87%
魚津
87%
87%
JR西日本:大糸線 糸魚川
87%
坂田
83%
南条
83%
北鯖江
83%
森田
83%
動橋
83%
倶利伽羅
83%
東富山
83%
南福井
80%
春江
80%
丸岡
80%
牛ノ谷
80%
石動
80%
親不知
80%
河毛
77%
王子保
77%
加賀笠間
77%
越中宮崎
77%
市振
77%
敦賀港
77%
大土呂
73%
森本
73%
西高岡
73%
入善
73%
細呂木
70%
小舞子
70%
青海
70%
能生
70%
筒石
70%
湯尾
70%
明峰
67%
美川
67%
福岡
67%
呉羽
67%
小杉
63%
東滑川
63%
西入善
63%
名立
63%
谷浜
63%
粟津
60%
水橋
60%
梶屋敷
60%
寺井
57%
越中大門
57%
生地
53%
浦本
53%
有間川
53%
No matching quizzes found
Score Distribution
Percent of People with Each Score
Percentile by Number Answered
Your Score History
You have not taken this quiz